[Event "Vikings GM"]
[Site "York ENG"]
[Date "1999.12.16"]
[Round "4"]
[White "Sutovsky,E"]
[Black "Rowson,J"]
[Result "1-0"]
[WhiteElo "2587"]
[BlackElo "2490"]

1.e4 e6 2.d4 d5 3.Nd2 c5 4.Ngf3 cxd4 5.Nxd4 Nf6 6.exd5 Qxd5 7.N2f3 Bc5 8.c4 Qd6
9.Be2 e5 10.Nb3 Bb4+ 11.Nbd2 Qc7 12.O-O a5 13.a3 Be7 14.Nb1 a4 15.Nfd2 Nc6
16.Nc3 Nd4 17.Bd3 Qc6 18.Qe1 Qe6 19.Nde4 Nxe4 20.Bxe4 Qxc4 21.f4 Ra5 22.Be3 f5
23.Bb1 Be6 24.Ba2 Nb3 25.Qg3 Bf6 26.Bb6 O-O 27.Bxb3 axb3 28.Bxa5 Qc5+ 29.Kh1 Qxa5
30.fxe5 Bxe5 31.Qe3 Bc4 32.Rf3 Bb8 33.Qe7 Rf7 34.Qh4 Qc7 35.Re1 Qc6 36.Re7 Rxe7
37.Qxe7 Qe6 38.Re3 Qf6 39.Qe8+ Qf8 40.Qd7 Bf7 41.Qxf5  1-0

[Event "Vikings GM"]
[Site "York ENG"]
[Date "1999.12.21"]
[Round "9"]
[White "Sutovsky,E"]
[Black "Hillarp Persson,T"]
[Result "0-1"]
[WhiteElo "2587"]
[BlackElo "2507"]

1.e4 e6 2.d4 d5 3.Nc3 Bb4 4.e5 c5 5.a3 Bxc3+ 6.bxc3 Ne7 7.Qg4 Qc7 8.Bd3 cxd4
9.Ne2 dxc3 10.Qxg7 Rg8 11.Qxh7 Qxe5 12.h4 Qd6 13.Bg5 Nbc6 14.O-O a6 15.Rab1 b5
16.a4 b4 17.Ng3 Bb7 18.Rfe1 Kd7 19.Nh5 Rxg5 20.hxg5 Nd8 21.Nf6+ Kc8 22.g6 Nxg6
23.Bxg6 fxg6 24.Ne8 Qd7 25.Qxg6 a5 26.Re5 Ra6 27.Rbe1 Qf7 28.Qxf7 Nxf7 29.Rh5 d4
30.Rh7 d3 31.Rxf7 d2 32.Ra1 Be4 33.g4 Bxc2 34.g5 Rc6 35.Rf8 b3 36.Kg2 b2
37.Rh1 b1=Q  0-1

[Event "Oz.com qualifier blitz"]
[Site "Internet ICC"]
[Date "2000.03.05"]
[Round "1"]
[White "Sawatzki,F"]
[Black "Sutovsky,E"]
[Result "0-1"]
[WhiteElo "2270"]
[BlackElo "2597"]

1.e4 c5 2.Nf3 d6 3.d4 cxd4 4.Nxd4 Nf6 5.Nc3 a6 6.Bc4 e6 7.Bb3 b5 8.f4 Be7
9.f5 e5 10.Nde2 Bb7 11.Bg5 Nbd7 12.Bxf6 Nxf6 13.Qd3 Rc8 14.O-O-O O-O 15.g4 Nxg4
16.Qg3 Bg5+ 17.Kb1 Ne3 18.Rd3 Nxf5 19.Qh3 Nd4 20.Nxd4 exd4 21.Rxd4 Bf6 22.Rhd1 Bxd4
23.Rxd4 Qf6 24.Qd3 Bc6 25.a3 Qe5 26.h3 a5 27.Ne2 b4 28.a4 Qe8 29.Ng3 Bxa4
30.Nf5 Bxb3 31.Qg3 Bxc2+  0-1

[Event "Oz.com qualifier blitz"]
[Site "Internet ICC"]
[Date "2000.03.05"]
[Round "2"]
[White "Sutovsky,E"]
[Black "Garbarino,R"]
[Result "0-1"]
[WhiteElo "2597"]
[BlackElo "2387"]

1.e4 d6 2.d4 Nf6 3.Nc3 g6 4.Be3 c6 5.h3 Bg7 6.Nf3 O-O 7.a4 Nbd7 8.a5 e5 9.dxe5 dxe5
10.Qd6 Ne8 11.Qd2 Qe7 12.Bc4 Nc5 13.O-O Nf6 14.Bg5 Be6 15.Nxe5 Ncxe4 16.Nxe4 Nxe4
17.Bxe7 Nxd2 18.Bxe6 Bxe5 19.Bxf8 Nxf1 20.Ba3 fxe6 21.Kxf1 Rd8 22.Bc5 Rd2
23.Re1 Bxb2 24.Rxe6 Rxc2 25.Bxa7 Bc3 26.Re8+ Kf7 27.Rb8 Rb2 28.Bb6 Ke6 29.Rxb7 Bxa5
30.g4 Bxb6 31.f4 h6 32.Rg7 Kf6 33.Rb7 Rf2+ 34.Ke1 Be3 35.Rb3 Bd4 36.Rd3 Rxf4
37.Ke2 Ke5 38.Rd1 Rf2+ 39.Kd3 Rf3+ 40.Kc4 Rc3+ 41.Kb4 Rxh3 42.Re1+ Kd5 43.Re8 Bc5+  0-1

[Event "Oz.com qualifier blitz"]
[Site "Internet ICC"]
[Date "2000.03.05"]
[Round "3"]
[White "Reis,P"]
[Black "Sutovsky,E"]
[Result "1-0"]
[WhiteElo "2280"]
[BlackElo "2597"]

1.c4 g6 2.Nf3 Bg7 3.Nc3 c5 4.d4 cxd4 5.Nxd4 Nc6 6.e3 Nf6 7.Be2 O-O 8.O-O d6
9.b3 Bd7 10.Bb2 a6 11.Bf3 Rc8 12.Qe2 Qa5 13.a3 b5 14.Nxc6 Bxc6 15.Bxc6 Rxc6
16.b4 Qc7 17.cxb5 Rxc3 18.Bxc3 Qxc3 19.Rfc1 Qb3 20.bxa6 Nd7 21.Ra2 Nb6 22.Qc2 Rc8
23.Qxc8+ Nxc8 24.Rxc8+ Bf8 25.Ra1 Qa4 26.b5 f5 27.Rb1 Qe4 28.Rcc1 f4 29.exf4 Bg7
30.b6 Bd4 31.a7 Kf7 32.a8=Q Qxa8 33.b7 Bxf2+ 34.Kxf2 Qa7+ 35.Kf1 Qa6+ 36.Kg1 Qa7+
37.Kh1  1-0

[Event "Oz.com qualifier blitz"]
[Site "Internet ICC"]
[Date "2000.03.05"]
[Round "4"]
[White "Sutovsky,E"]
[Black "Gonzalez,Bo"]
[Result "0-1"]
[WhiteElo "2597"]
[BlackElo "2246"]

1.e4 c5 2.Nc3 a6 3.f4 b5 4.Nf3 Bb7 5.d3 d6 6.g3 Nd7 7.Bg2 g6 8.O-O Bg7 9.Ng5 h6
10.Nh3 Nb6 11.f5 g5 12.Be3 b4 13.Ne2 Bxb2 14.Rb1 Bg7 15.c3 a5 16.a3 Nf6 17.axb4 axb4
18.cxb4 c4 19.e5 Nfd5 20.f6 exf6 21.exf6 Bxf6 22.Bd4 Be5 23.dxc4 Nxc4 24.Qd3 Bxd4+
25.Nxd4 Ne5 26.Qf5 Ne3 27.Bc6+ Bxc6 28.Nxc6 Nxf5 29.Nxd8 Ne3 30.Nxf7 Nxf1
31.Nxh8 Nd2 32.Rd1 Ne4 33.Kg2 Ke7 34.Re1 d5 35.b5 Rxh8 36.Nf2 Nxf2 37.Rxe5+ Kd6
38.Rf5 Ng4 39.Kh3 Ne3 40.Rf6+ Ke5 41.Rc6 g4+ 42.Kh4 Rg8 43.Kh5 Nf5  0-1

[Event "Israeli League"]
[Site "Ramat Aviv ISR"]
[Date "2000.03.24"]
[Round "7"]
[White "Zak,U"]
[Black "Sutovsky,E"]
[Result "0-1"]
[WhiteElo "2341"]
[BlackElo "2597"]

1.e4 d5 2.exd5 Qxd5 3.Nc3 Qa5 4.d4 Nf6 5.Nf3 c6 6.Bc4 Bf5 7.Bd2 e6 8.Qe2 Bb4
9.Ne5 Nbd7 10.Nxd7 Nxd7 11.a3 O-O-O 12.O-O Bxc3 13.Bxc3 Qc7 14.b4 Nf6 15.f3 h5
16.a4 h4 17.b5 Nh5 18.Rfb1 Nf4 19.Qf1 Rh6 20.bxc6 Qxc6 21.Rb5 b6 22.Rab1 Rg6
23.Rc5 bxc5 24.Ba6+ Kc7 25.Ba5+ Kd6 26.Bxd8 Bh3 27.d5 Bxg2  0-1

[Event "Monarch Assurance Open"]
[Site "Port Erin IOM"]
[Date "2000.10.20"]
[Round "7"]
[White "Allen,K"]
[Black "Sutovsky,E"]
[Result "0-1"]
[WhiteElo "2278"]
[BlackElo "2609"]

1.d4 Nf6 2.c4 g6 3.Nc3 d5 4.Nf3 Bg7 5.Bg5 Ne4 6.cxd5 Nxg5 7.Nxg5 c6 8.dxc6 Nxc6
9.d5 Qa5 10.Ne4 Bf5 11.Nd2 Bxc3 12.bxc3 Qxd5 13.Qb3 Qd7 14.e4 Be6 15.Bc4 Bxc4
16.Nxc4 Qd3 17.f3 b5 18.Qxb5 O-O 19.Kf2 Qxc3 20.Rhd1 Nb4 21.Ne3 Rfd8 22.Qc4 Qb2+
23.Qe2 Nd3+ 24.Kf1 Qe5 25.Nd5 e6 26.Qxd3 exd5 27.exd5 Qxh2 28.Rac1 Rab8 29.Rc2 Rb6
30.Qd4 h5 31.Qg1 Qh4 32.Qd4 Qh1+ 33.Qg1 Rxd5 34.Rdc1 Qh4 35.Qf2 Qf4 36.Kg1 Rbd6
37.g3 Qg5 38.Re1 Rd2 39.Re2 Rd1+ 40.Re1 R6d2 41.Rxd1 Rxd1+ 42.Kh2 Qd5 43.Kg2 a5
44.Qe3 Ra1 45.Qd2 Qb5 46.g4 Qb1 47.gxh5 Qg1+ 48.Kh3 Qh1+ 49.Kg4 Rg1+ 50.Kf4 g5+
51.Kf5 Qxf3+ 52.Ke5 Qxh5 53.Kf6 Qh8+ 54.Ke7 Qe5+ 55.Kd7 Rb1 56.Rc8+ Kg7  0-1

[Event "ch-ISR"]
[Site "Ramat-Aviv/Modiin ISR"]
[Date "2000.12.17"]
[Round "1"]
[White "Sutovsky,E"]
[Black "Huzman,A"]
[Result "1-0"]
[WhiteElo "2609"]
[BlackElo "2574"]

1.e4 e5 2.Nf3 Nf6 3.Nxe5 d6 4.Nf3 Nxe4 5.d4 d5 6.Bd3 Be7 7.O-O Nc6 8.c4 Nf6
9.Nc3 Bg4 10.cxd5 Nxd5 11.Be4 Be6 12.Qd3 Ncb4 13.Qb1 c6 14.a3 Na6 15.Nxd5 Bxd5
16.Re1 Nc7 17.Bg5 Be6 18.Bxe7 Qxe7 19.Ne5 O-O-O 20.Qc2 Rxd4 21.Bxc6 Qd6 22.Bd7+ Bxd7
23.Nxf7 Qf8 24.Nxh8 Qxh8 25.Re7 Qf8 26.Rae1 Qf6 27.h3 h6 28.Qh7 Ne6 29.Qc2+ Nc7
30.Qh7 Ne6 31.Qg8+ Nd8 32.Qxg7 Qb6 33.Rc1+ Bc6 34.b4 Rf4 35.Qg3 Rf5 36.Rc5 Rxc5
37.bxc5 Qb1+ 38.Kh2 Bd7 39.Qe5 Nc6 40.Qh8+ Kc7 41.Rf7 Qb3 42.Qf6 Qd5 43.Qf4+ Kc8
44.Rf8+ Nd8 45.Qxh6 Qxc5 46.Qf6 Qc7+ 47.f4 Bc6 48.h4 Qd7 49.h5 Qd2 50.Rg8 Qd5
51.Qg5  1-0

[Event "ch-ISR"]
[Site "Ramat-Aviv/Modiin ISR"]
[Date "2000.12.22"]
[Round "6"]
[White "Finkel,A"]
[Black "Sutovsky,E"]
[Result "1-0"]
[WhiteElo "2467"]
[BlackElo "2609"]

1.c4 Nf6 2.Nc3 d5 3.cxd5 Nxd5 4.Nf3 g6 5.e4 Nxc3 6.dxc3 Qxd1+ 7.Kxd1 f6 8.Bc4 e5
9.Be3 Nd7 10.Ke2 Nc5 11.Nd2 Bd7 12.f3 a5 13.Rhc1 b5 14.Bb3 Bd6 15.Bxc5 Bxc5
16.a4 Ke7 17.axb5 Bxb5+ 18.Bc4 Bc6 19.Ra2 a4 20.Bd5 Bxd5 21.exd5 Kd6 22.Ne4+ Kxd5
23.Nxf6+ Kc4 24.Ne4 Bb6 25.Rca1 Kb5 26.Kd3 Rhd8+ 27.Kc2 Ra5 28.Rd1 Rxd1 29.Kxd1 Kc4
30.Kc2 Be3 31.h3 Kd5 32.Kd3 Bc1 33.c4+ Kc6 34.b4 Ra8 35.Kc2 Be3 36.Nc3 a3
37.Nb1 Rb8 38.Rxa3 Bd4 39.Ra6+ Kd7 40.b5 e4 41.fxe4 Rf8 42.Kd3 Be5 43.Nd2 Rf2
44.Nf3 Bg3 45.Ng5 Bh4 46.Ne6 Rxg2 47.Nc5+ Ke8 48.e5 Be7 49.Ne4 Rh2 50.c5 Rxh3+
51.Kc4 Bd8 52.Ra8 Ke7 53.Nd6 Rh1 54.Nb7 Rc1+ 55.Kd4 Rd1+ 56.Ke4 Re1+ 57.Kd5 Rd1+
58.Kc6 h5 59.Nxd8 h4 60.Kb7 g5 61.Ne6 Kxe6 62.Rh8  1-0

[Event "ch-ISR"]
[Site "Ramat-Aviv/Modiin ISR"]
[Date "2000.12.25"]
[Round "8"]
[White "Sutovsky,E"]
[Black "Golod,V"]
[Result "1/2-1/2"]
[WhiteElo "2609"]
[BlackElo "2590"]

1.e4 e5 2.Nf3 Nc6 3.d4 exd4 4.Nxd4 Nf6 5.Nxc6 bxc6 6.Nd2 d5 7.exd5 cxd5 8.Bb5+ Bd7
9.Bxd7+ Qxd7 10.O-O Be7 11.c4 c6 12.cxd5 cxd5 13.Nf3 O-O 14.Be3 Ne4 15.Bd4 Bf6
16.Bxf6 Nxf6 17.Nd4 Qb7 18.Qd3 Ne4 19.b3 g6 20.Rfd1 Qb6 21.f3 Nc5 22.Qb5 Kg7
23.Rac1 Ne6 24.Rc6 Qxd4+ 25.Rxd4 Nxd4 26.Qxd5 Nxc6 27.Qxc6 Rac8 28.Qe4 Rfd8
29.h4 h5 30.Qe2 Rd5 31.Kh2 Rcd8 32.Qe3 R8d7 33.Kg3 Rd2 34.a4 Kh7 35.b4 R2d4
36.Qc3 R4d6 37.Qc8 a6 38.Qc5 Re6 39.Qc8 Rd5 40.Qb7 Rf5 41.Qc7 Kg7 42.Qc3+ Kh7
43.Qc7 Re1 44.Qd6 Rb1 45.a5 Rb2 46.Kh3 Rb3 47.Kh2 Rb1 48.Kg3 Rb5 49.Qd7 Kg8
50.Qd8+ Kh7 51.Qd7  1/2-1/2

[Event "EUR-ASIA Rapid Match"]
[Site "Batumi GEO"]
[Date "2001.09.18"]
[Round "6"]
[White "Sutovsky,E"]
[Black "Rogers,I"]
[Result "1-0"]
[WhiteElo "2651"]
[BlackElo "2538"]

1.e4 c6 2.d4 d5 3.e5 Bf5 4.Nc3 e6 5.g4 Bg6 6.Nge2 c5 7.Be3 Nc6 8.dxc5 Nxe5
9.Nf4 Nc6 10.Bb5 Ne7 11.Qe2 Qc7 12.h4 d4 13.Bxd4 Qxf4 14.Be5 Qb4 15.O-O-O Qxc5
16.h5 Rd8 17.hxg6 Nxg6 18.Rxd8+ Kxd8 19.Rd1+ Kc8 20.Bg3 Nd4 21.Qd3 e5 22.Bc4 Be7
23.Bxf7 Bg5+ 24.Kb1 Nf4 25.Bxf4 Bxf4 26.Ne4 Qe7 27.c3 Nc6 28.Bd5 Rd8 29.Qb5 a6
30.Qa4 Qc7 31.Nc5 Rd6 32.Qa3 Kb8 33.Qb3 Ka7 34.Be4 Rxd1+ 35.Qxd1 g6 36.Qd5 h5
37.Bxg6 hxg4 38.Be4 Nd8 39.b4 Bg5 40.Kb2 Be7 41.Nd3 Nc6 42.a4 Bf6 43.Nc5 Bh4
44.Ne6 Qe7 45.b5 Nb8 46.bxa6 Bxf2 47.Qa5 bxa6 48.Qd5  1-0

[Event "TCh-ISR"]
[Site "ISR"]
[Date "2002.03.02"]
[Round "5"]
[White "Uritzky,M"]
[Black "Sutovsky,E"]
[Result "0-1"]
[WhiteElo "2418"]
[BlackElo "2656"]

1.e4 c5 2.Nc3 a6 3.a4 Nc6 4.g3 g6 5.Bg2 Bg7 6.d3 e6 7.Be3 d6 8.Nh3 Nge7 9.O-O Nd4
10.Qd2 e5 11.f4 O-O 12.a5 Bg4 13.Kh1 Qd7 14.Ng1 Rad8 15.Na4 exf4 16.Bxf4 Qb5
17.Bg5 Rde8 18.Bf6 Bxf6 19.Rxf6 Be6 20.b3 Qb4 21.Nc3 Nb5 22.Nge2 Nxc3 23.Nxc3 Qd4
24.Raf1 Nc6 25.Ne2 Qe5 26.c3 Bg4 27.d4 cxd4 28.cxd4 Qxa5 29.Nc3 Qb4 30.h3 Bd7
31.Qf4 Qxb3 32.Rxd6 Bxh3 33.Bxh3 Qxc3 34.Rd7 Qc4 35.Bg2 Nxd4 36.e5 Rd8 37.Rxb7 Qe6
38.Rfb1 Nf5 39.R1b6 Qa2 40.e6 fxe6 41.Qc7 Rd1+ 42.Kh2 Qxg2+  0-1

[Event "TCh-ISR"]
[Site "ISR"]
[Date "2002.03.15"]
[Round "7"]
[White "Avrukh,B"]
[Black "Sutovsky,E"]
[Result "0-1"]
[WhiteElo "2591"]
[BlackElo "2656"]

1.d4 Nf6 2.c4 g6 3.Nc3 d5 4.Nf3 Bg7 5.cxd5 Nxd5 6.e4 Nxc3 7.bxc3 c5 8.Rb1 O-O
9.Be2 b6 10.O-O Bb7 11.d5 Bxc3 12.Bc4 Bg7 13.Qe2 Qc8 14.Bg5 f6 15.Bh4 Ba6
16.e5 Bxc4 17.Qxc4 fxe5 18.d6+ e6 19.Rbd1 Qd7 20.Ng5 Rf6 21.Ne4 Rf4 22.g3 Rf5
23.Ng5 Kh8 24.Nxe6 Nc6 25.g4 Rf7 26.Bg3 Rf6 27.Nxg7 Kxg7 28.Rd5 Rxd6 29.Rfd1 Qe6
30.Rxd6 Qxc4 31.Rxc6 Rf8 32.h3 Kh6 33.Rd7 Rf7 34.Rcc7 Rxd7 35.Rxd7 Qe6 36.Rxa7 Qd6
37.Ra3 Kg5 38.Re3 Kf6 39.a3 c4 40.Kf1 Qd1+ 41.Kg2 Qd4 42.Kf3 Qd1+ 43.Kg2 Qd5+
44.Kf1 e4 45.Ke2 Qd4 46.f3 Qb2+ 47.Kf1 c3 48.Be1 Qb5+ 49.Kf2 c2 50.Bd2 Qd5
51.Bc1 Qd1 52.Bb2+ Kg5 53.Rxe4 Kh4  0-1

[Event "ch-Europe Internet Blitz"]
[Site "playchess.com INT"]
[Date "2003.11.09"]
[Round "1.1"]
[White "Sutovsky,E"]
[Black "Abergel,T"]
[Result "1-0"]
[WhiteElo "2646"]
[BlackElo "2430"]

1.e4 c5 2.Nf3 d6 3.d4 cxd4 4.Qxd4 Nc6 5.Bb5 Bd7 6.Bxc6 Bxc6 7.Nc3 Nf6 8.Bg5 e6
9.O-O-O Be7 10.Qd3 O-O 11.Nd4 Rc8 12.f4 Qa5 13.Kb1 a6 14.Rhe1 b5 15.e5 dxe5
16.fxe5 Nd5 17.Nxc6 Rxc6 18.Bxe7 Nxe7 19.Ne4 b4 20.Ng5 Ng6 21.Rf1 Rc7 22.Rde1 Rfc8
23.Qh3 Nf8 24.Qh5 g6 25.Qf3 f5 26.Re2 h6 27.Nh3 Rc5 28.Nf4 Qc7 29.Qf2 Rxe5
30.Rxe5 Qxe5 31.Re1 Qd6 32.Nd3 Rd8 33.Qh4 Kg7 34.g4 g5 35.Qh5 f4 36.h4 Nh7
37.hxg5 Nxg5 38.Qh1 f3 39.Qg1 Rf8 40.Qf2 Rf7 41.b3 Rf6 42.Qa7+ Kg8 43.Qf2 a5
44.Qa7 Qc6 45.Qxa5 f2 46.Rf1 Qg2 47.Qd8+ Kg7 48.Qxf6+ Kxf6 49.Rxf2+ Qxf2
50.Nxf2 Ke5 51.Nd3+ Kd4 52.Nxb4 Nf3 53.a4 e5 54.a5 Nd2+ 55.Kc1 Ne4 56.a6 Nd6
57.a7  1-0

[Event "ch-Europe Internet Blitz"]
[Site "playchess.com INT"]
[Date "2003.11.09"]
[Round "4.1"]
[White "Sutovsky,E"]
[Black "Vlassov,N"]
[Result "1-0"]
[WhiteElo "2646"]
[BlackElo "2466"]

1.e4 d5 2.exd5 Nf6 3.d4 Bg4 4.Be2 Bxe2 5.Qxe2 Qxd5 6.Nf3 Nc6 7.c4 Qe4 8.Nc3 Qxe2+
9.Kxe2 e6 10.Bg5 O-O-O 11.Rhd1 h6 12.Bxf6 gxf6 13.d5 exd5 14.Nxd5 Re8+ 15.Kf1 f5
16.Rd2 Bg7 17.Rad1 Re4 18.b3 Rhe8 19.g3 a5 20.Nh4 Nd4 21.f3 R4e6 22.Rxd4 Bxd4
23.Rxd4 Re1+ 24.Kg2 R8e2+ 25.Kh3 Rxa2 26.Nxf5 Ree2 27.Kg4 Rxh2 28.Nf6 b6
29.Ne7+ Kb7 30.Rd7 h5+ 31.Kf4 h4 32.Nfd5 hxg3 33.Rxc7+ Ka6 34.Nc6  1-0

[Event "ch-Europe Internet Blitz"]
[Site "playchess.com INT"]
[Date "2003.11.09"]
[Round "4.3"]
[White "Sutovsky,E"]
[Black "Vlassov,N"]
[Result "1/2-1/2"]
[WhiteElo "2646"]
[BlackElo "2466"]

1.e4 d5 2.exd5 Nf6 3.Nf3 Bg4 4.h3 Bxf3 5.Qxf3 Qxd5 6.Qxd5 Nxd5 7.d4 Nc6 8.c3 O-O-O
9.Bb5 e5 10.Bxc6 bxc6 11.dxe5 Re8 12.f4 f6 13.c4 Nb4 14.Kd1 fxe5 15.fxe5 Rxe5
16.Bd2 Be7 17.Bc3 Rd8+ 18.Nd2 Re3 19.Rf1 Rg3 20.a3 Nd3 21.Kc2 Rxg2 22.Rg1 Rxg1
23.Rxg1 g6 24.Rf1 Bg5 25.Ne4 Bh4 26.Rf7 h6 27.b4 Ne1+ 28.Kb3 Nd3 29.Kc2 h5
30.Rg7 Nf4 31.Nc5 Re8 32.Nd3 Nxh3 33.Rxg6 Nf2 34.Nf4  1/2-1/2

[Event "ch-Europe Internet Blitz"]
[Site "playchess.com INT"]
[Date "2003.11.09"]
[Round "4.4"]
[White "Vlassov,N"]
[Black "Sutovsky,E"]
[Result "0-1"]
[WhiteElo "2466"]
[BlackElo "2646"]

1.e4 c5 2.c3 d5 3.exd5 Qxd5 4.d4 Nf6 5.Nf3 e6 6.Be3 cxd4 7.cxd4 Bb4+ 8.Nc3 O-O
9.Bd3 b6 10.Qa4 Bxc3+ 11.bxc3 Bb7 12.O-O Nbd7 13.Rfb1 Rfc8 14.Qc2 Qa5 15.Bd2 Bxf3
16.gxf3 Qh5 17.Kg2 Nd5 18.Ba6 Rc7 19.c4 N7f6 20.a4 Ne7 21.a5 Nf5 22.Ra3 Qg6+
23.Kh3 Rd8 24.Be3 Qh5+ 25.Kg2 Nh4+ 26.Kf1 Nxf3 27.axb6 axb6 28.Kg2 Qg4+ 29.Kh1 Qh3
30.Bf4 Ng4 31.Rg1 Ngxh2 32.Rg3 Qf1+  0-1

[Event "ch-Europe Internet Blitz"]
[Site "playchess.com INT"]
[Date "2003.11.09"]
[Round "4.2"]
[White "Vlassov,N"]
[Black "Sutovsky,E"]
[Result "1/2-1/2"]
[WhiteElo "2466"]
[BlackElo "2646"]

1.e4 c5 2.c3 d5 3.exd5 Qxd5 4.d4 Nf6 5.Nf3 e6 6.Be3 cxd4 7.cxd4 Bb4+ 8.Nc3 O-O
9.Bd3 b6 10.Qe2 Bb7 11.O-O Qh5 12.Rac1 Nbd7 13.Bf4 Rac8 14.a3 Bxc3 15.bxc3 Bxf3
16.Qxf3 Qxf3 17.gxf3 Nd5 18.Bd2 Rfd8 19.Rfe1 Ne7 20.Ba6 Rc6 21.Bb5 Rcc8 22.Ba6 Rc6
23.Bb5 Rcc8 24.Kg2 Kf8 25.Rcd1 Nf6 26.Ba6 Rc6 27.a4 Nfd5 28.Rc1 Nf5 29.Bb5 Rcc8
30.Ba6 Rc6 31.Bb5 Rcc8 32.Ba6 Rc6  1/2-1/2

[Event "ch-Europe Internet Blitz"]
[Site "playchess.com INT"]
[Date "2003.11.09"]
[Round "4.5"]
[White "Sutovsky,E"]
[Black "Vlassov,N"]
[Result "1/2-1/2"]
[WhiteElo "2646"]
[BlackElo "2466"]

1.e4 Nc6 2.Nc3 Nf6 3.Nf3 d5 4.exd5 Nxd5 5.Bb5 Qd6 6.O-O Bf5 7.Nxd5 Qxd5 8.c4 Qd6
9.d4 O-O-O 10.d5 Nb4 11.Ng5 Qf6 12.Qa4 a6 13.Qxb4 axb5 14.Qa5 Bg6 15.Qa8+ Kd7
16.Qxb7 Qb6 17.Qxb6 cxb6 18.cxb5 Ke8 19.Be3 Rxd5 20.a4 e6 21.Rfc1 Be7 22.Rc8+ Rd8
23.Rac1  1/2-1/2

[Event "TCh-GRE"]
[Site "Aghia Pelagia GRE"]
[Date "2004.07.04"]
[Round "1"]
[White "Sutovsky,E"]
[Black "Managadze,N"]
[Result "1-0"]
[WhiteElo "2679"]
[BlackElo "2463"]

1.e4 e6 2.d4 d5 3.Nc3 dxe4 4.Nxe4 Nd7 5.Nf3 Ngf6 6.Bd3 Nxe4 7.Bxe4 Nf6 8.Bg5 Qd6
9.Bd3 b6 10.Qe2 Bb7 11.O-O Be7 12.Ba6 Bxa6 13.Qxa6 O-O 14.Qd3 c6 15.Rad1 Nd5
16.Bxe7 Nxe7 17.Rfe1 Rad8 18.h3 Qc7 19.Qe4 h6 20.Ne5 c5 21.dxc5 bxc5 22.Rd3 Rxd3
23.cxd3 Rd8 24.Rc1 Rd5 25.d4 Nc6 26.Nxc6 Qxc6 27.Qd3 Qb6 28.Rxc5 Rxc5 29.dxc5 Qxc5
30.Qd1 e5 31.Qd8+ Kh7 32.Qd3+ g6 33.Qd2 a5 34.b3 h5 35.Qb2 e4 36.a3 e3 37.b4 axb4
38.axb4 exf2+ 39.Kf1 Qe3 40.Qxf2 Qc1+ 41.Qe1 Qc4+ 42.Kg1 Qd3 43.Qe7 Qd4+
44.Kh1 Qf4 45.Qc5 Qf1+ 46.Kh2 Qf3 47.Kg1 h4 48.b5  1-0

[Event "36th Olympiad"]
[Site "Calvia ESP"]
[Date "2004.10.18"]
[Round "4"]
[White "Delchev,A"]
[Black "Sutovsky,E"]
[Result "0-1"]
[WhiteElo "2601"]
[BlackElo "2697"]

1.e4 c5 2.Nf3 d6 3.d4 cxd4 4.Nxd4 Nf6 5.Nc3 a6 6.Be2 e5 7.Nb3 Be7 8.Bg5 O-O
9.Bxf6 Bxf6 10.Qd3 Be6 11.O-O-O Be7 12.Nd5 Bxd5 13.Qxd5 Qb6 14.Rhf1 Nd7 15.Kb1 Nf6
16.Qd3 Rfd8 17.Bf3 a5 18.Nd2 a4 19.Nc4 Qc5 20.Na3 Bf8 21.g4 b5 22.g5 b4 23.Nb5 Ne8
24.Qd5 Qb6 25.Bh5 g6 26.Be2 Ra5 27.Bc4 Rd7 28.f4 Nc7 29.Nxc7 Rxc7 30.Qd3 Rac5
31.Bd5 Rc3 32.Qe2 Rxc2 33.Qxc2 Rxc2 34.Kxc2 Qe3 35.Rde1 Qc5+ 36.Kb1 a3 37.Re2 Qb5
38.Rff2 Qd3+ 39.Rc2 Qd1+ 40.Rc1 Qd3+ 41.Rcc2 Qe3 42.Rce2 Qd3+ 43.Rc2 exf4
44.Rd2 Qe3 45.Re2 Qg1+ 46.Rc1 Qd4 47.Rec2 f3 48.Rf1 h5 49.gxh6 Bxh6 50.h4 Qd3
51.Bc4 Qxe4 52.Rd1 f2  0-1

[Event "EuCh-Internet KO"]
[Site "playchess.com INT"]
[Date "2004.11.07"]
[Round "1.3"]
[White "Sutovsky,E"]
[Black "Azarov,S"]
[Result "0-1"]
[WhiteElo "2697"]
[BlackElo "2556"]


1.e4 e5 2.Nf3 Nc6 3.d4 exd4 4.Nxd4 Nf6 5.Nxc6 bxc6 6.e5 Qe7 7.Qe2 Nd5 8.c4 Ba6
9.b3 g5 10.Ba3 d6 11.Qe4 f5 12.Qxf5 Bg7 13.Bb2 Nf4 14.Nd2 Rf8 15.Qe4 d5 16.cxd5 Bxf1
17.Kxf1 Nxd5 18.Nc4 Rf4 19.Qxh7 O-O-O 20.Ba3 Qf7 21.Qc2 Rxc4 22.Qe2 Rc2 23.e6 Qf5
24.g4 Qf6 25.Qa6+ Kb8 26.Bc5 Rxc5 27.Re1 Rc2 28.Re2 Ne3+  0-1

[Event "EuCh-Internet KO"]
[Site "playchess.com INT"]
[Date "2004.11.07"]
[Round "1.1"]
[White "Sutovsky,E"]
[Black "Azarov,S"]
[Result "1/2-1/2"]
[WhiteElo "2697"]
[BlackElo "2556"]


1.e4 e5 2.Nf3 Nc6 3.d4 exd4 4.Nxd4 Nf6 5.Nxc6 bxc6 6.e5 Qe7 7.Qe2 Nd5 8.c4 Ba6
9.b3 g5 10.Ba3 d6 11.Qe4 Bg7 12.Bb2 Nb4 13.a3 d5 14.Qf5 Bc8 15.Qf3 Nc2+ 16.Kd1 Nxa1
17.Bxa1 Bxe5 18.Bxe5 Qxe5 19.Bd3 Be6 20.Re1 Qd4 21.cxd5 cxd5 22.Kc2 O-O-O
23.Nc3 Rhe8 24.Bb5 Re7 25.Rd1 Qc5 26.b4 Qb6 27.Qf6 Bg4 28.Qxe7 Bxd1+ 29.Kxd1 d4
30.Nd5 Rxd5 31.Qe8+ Kb7 32.Bd7 Rxd7 33.Qxd7 Qc6 34.Qxf7 Qxg2 35.Qf5 Qc6 36.Qxg5 Qc4  1/2-1/2

[Event "Glitnir Blitz"]
[Site "Reykjavik ISL"]
[Date "2006.03.16"]
[Round "5.2"]
[White "Stefansson,H"]
[Black "Sutovsky,E"]
[Result "1/2-1/2"]
[WhiteElo "2585"]
[BlackElo "2624"]

1.d4 Nf6 2.c4 g6 3.Nf3 Bg7 4.g3 d5 5.cxd5 Nxd5 6.Bg2 O-O 7.O-O c5 8.e4 Nf6
9.e5 Nd5 10.dxc5 Na6 11.Nc3 Nxc3 12.bxc3 Qa5 13.Be3 Nxc5 14.Qd5 b6 15.Qxa8 Be6
16.Qc6 Rc8 17.Qxc8+ Bxc8 18.Rad1 Ne6 19.Nd4 Nxd4 20.cxd4 Ba6 21.Rfe1 Bc4
22.Rc1 e6 23.Bf1 b5 24.Bxc4 bxc4 25.Re2 Qd5 26.Rec2 h5 27.h4 c3 28.a3 Bf8
29.Rxc3 Kg7 30.Bg5 Qxd4 31.Bf6+ Kh6 32.Rc7 Bxa3 33.R1c3 Bf8 34.Bg5+ Kg7 35.Rf3 Kg8
36.Rcxf7 Bg7 37.Re7 Qxe5 38.Rxa7 Qe1+ 39.Kg2 Qe4 40.Ra3 Bd4 41.Rb3 Bc5 42.Be3 Be7
43.Bg5 Bd6 44.Re3 Qc4 45.Rf6 Qd5+ 46.Kh2 Bc5 47.Rexe6 Bd4 48.Re8+ Kg7 49.Re7+ Kg8
50.Rff7 Qa2 51.Bh6 Qxf7 52.Rxf7 Kxf7 53.Kg2 Ke6 54.Be3 Be5 55.f3 Kf5 56.Kh3 Bd6
57.g4+ Ke6 58.Kg2 Kd5 59.Bg5 Kc4 60.Bf6 Kd3 61.Bg5 Ke2 62.Bf6 Bc7 63.Bg5 Be5
64.Be7 Bf4 65.Bf6 Ke3 66.Bg5  1/2-1/2

[Event "Aeroflot Open"]
[Site "Moscow RUS"]
[Date "2007.02.14"]
[Round "1"]
[White "Sutovsky,E"]
[Black "Dyachkov,S"]
[Result "1-0"]
[WhiteElo "2629"]
[BlackElo "2554"]

1.e4 e6 2.d4 d5 3.Nc3 Bb4 4.e5 c5 5.a3 Bxc3+ 6.bxc3 Qc7 7.Qg4 f6 8.Bb5+ Kf8
9.Nf3 c4 10.a4 a6 11.Ba3+ Ne7 12.Be8 Qd8 13.Bh5 Nc6 14.exf6 gxf6 15.Ng5 Qa5
16.O-O f5 17.Qh4  1-0

[Event "TCh-ISR"]
[Site "Israel ISR"]
[Date "2008.05.16"]
[Round "8"]
[White "Caspi,I"]
[Black "Sutovsky,E"]
[Result "1/2-1/2"]
[WhiteElo "2366"]
[BlackElo "2630"]

1.e4 c6 2.c4 e5 3.Nf3 d6 4.d4 Nd7 5.Nc3 Ngf6 6.Be2 g6 7.O-O Bg7 8.d5 c5 9.Be3 Ng4
10.Bg5 f6 11.Bd2 Nh6 12.a3 Nf7 13.Qc2 O-O 14.b4 b6 15.Ne1 Bh6 16.Bg4 Bxd2
17.Qxd2 Ba6 18.Nb5 Bxb5 19.cxb5 Ng5 20.Qc2 Rc8 21.h4 Nf7 22.Qe2 Kg7 23.Nc2 Nh6
24.Ne3 Rc7 25.Be6 f5 26.exf5 Qxh4 27.g3 Qg5 28.Nc4 Nxf5 29.Bxf5 gxf5 30.Nxd6 c4
31.Nxc4 f4 32.d6 Rcc8 33.Qd3 Rxc4 34.Qxc4 fxg3 35.fxg3 Qxg3+ 36.Kh1 Qh3+
37.Kg1 Rg8 38.Kf2 Kh8 39.Ke2 Rg4 40.Qc8+ Rg8 41.Qc4 Rg4 42.Qc8+ Rg8 43.Qc4  1/2-1/2

[Event "TCh-ISR 2008-9"]
[Site "Israel ISR"]
[Date "2008.12.12"]
[Round "1"]
[White "Sutovsky,E"]
[Black "Shvidler,E"]
[Result "1-0"]
[WhiteElo "2651"]
[BlackElo "2413"]

1.e4 e5 2.Nf3 Nc6 3.Bb5 a6 4.Ba4 Nf6 5.O-O Be7 6.Re1 b5 7.Bb3 d6 8.c3 O-O
9.d4 Bb7 10.Nbd2 Re8 11.Nf1 exd4 12.cxd4 d5 13.e5 Ne4 14.Ng3 Na5 15.Bc2 c5
16.Nf5 Nc6 17.Nxe7+ Qxe7 18.dxc5 Nxe5 19.b4 Nc4 20.Nd4 Qf6 21.f3 Red8 22.Be3 Nxe3
23.Rxe3 Qf4 24.Qd3 Nf6 25.g3 Qg5 26.Nf5 d4 27.Re5 Kf8 28.Rae1 Qg6 29.Qe2 d3
30.Bxd3 Bc6 31.Nd6 Qh6 32.Re7 Bd5  1-0

[Event "TCh-ISR 2008-9"]
[Site "Israel ISR"]
[Date "2008.12.19"]
[Round "3"]
[White "Delchev,A"]
[Black "Sutovsky,E"]
[Result "1/2-1/2"]
[WhiteElo "2632"]
[BlackElo "2651"]

1.Nf3 Nf6 2.c4 g6 3.Nc3 d5 4.cxd5 Nxd5 5.Qa4+ Bd7 6.Qh4 Nxc3 7.dxc3 Nc6 8.e4 e5
9.Bg5 Be7 10.Bc4 h5 11.Bxe7 Qxe7 12.Qg5 Qxg5 13.Nxg5 f6 14.Ne6 Bxe6 15.Bxe6 Ke7
16.Bd5 Nd8 17.a4 Ne6 18.Bxe6 Kxe6 19.a5 Rhd8 20.Ke2 Rd6 21.Rhd1 Rad8 22.Rxd6+ Rxd6
23.h4 f5 24.Ra4 Ra6 25.Ke3 f4+ 26.Ke2 Kd7 27.Rb4 Kc6 28.Rc4+ Kd6 29.Rb4 b6
30.axb6 axb6 31.Kf3 c5 32.Rb3 Kc6 33.Ra3 Rxa3 34.bxa3 b5 35.g3 fxg3 36.Kxg3 Kd6
37.f4 c4 38.Kf3 exf4 39.Kxf4 Ke6 40.Kf3 Kf6 41.Kf4  1/2-1/2

[Event "TCh-ISR 2008-9"]
[Site "Israel ISR"]
[Date "2009.01.09"]
[Round "5"]
[White "Sutovsky,E"]
[Black "Rodshtein,M"]
[Result "1-0"]
[WhiteElo "2651"]
[BlackElo "2609"]

1.e4 c6 2.d4 d5 3.e5 Bf5 4.Nf3 e6 5.Be2 h6 6.Nbd2 Ne7 7.Nf1 c5 8.Ng3 cxd4
9.Nxd4 Bh7 10.f4 Nec6 11.c3 Nxd4 12.cxd4 Bb4+ 13.Kf2 O-O 14.Rf1 Nc6 15.Kg1 Qb6
16.Be3 Be7 17.Kh1 Rac8 18.f5 Bg5 19.Bg1 exf5 20.Nxf5 Bxf5 21.Rxf5 Qxb2 22.Rb1 Qxa2
23.h4 Ne7 24.Rf1 Bxh4 25.Bd3 Bg5 26.Rxb7 Rc1 27.Qf3 Rxf1 28.Qxf1 a5 29.e6 f5
30.Bh2 Rc8 31.Rxe7 Rc1 32.Re8+ Kh7 33.Bxf5+ g6 34.Qxc1 Bxc1 35.Be5  1-0

[Event "TCh-AUT 1st Bundesliga 2008-9"]
[Site "Ansfelden AUT"]
[Date "2009.03.19"]
[Round "8"]
[White "Lehner,O"]
[Black "Sutovsky,E"]
[Result "1/2-1/2"]
[WhiteElo "2413"]
[BlackElo "2660"]

1.d4 Nf6 2.c4 g6 3.Nc3 d5 4.Nf3 Bg7 5.Bf4 dxc4 6.e4 a6 7.Bxc4 b5 8.Bb3 b4
9.Nd5 Nxd5 10.exd5 Bb7 11.Rc1 Bxd5 12.Bxc7 Qd7 13.O-O O-O 14.Bg3 Ra7 15.Bxd5 Qxd5
16.Qa4 Qb5 17.Qb3 Nc6 18.Rc5 Nxd4 19.Rxb5 Nxb3 20.Rxb4 Nc5 21.Rd1 a5 22.Rc4 Ne6
23.Ne5 Rb7 24.b3 f5 25.Rc6 Ng5 26.Nd7 Ra8 27.Nc5 Rb4 28.f3 Nf7 29.Kf1 Rd4  1/2-1/2